LEADER 04459nam 2200685 450 001 9910788439703321 005 20230810000336.0 010 $a3-11-054172-6 024 7 $a10.1515/9783110543209 035 $a(CKB)3340000000003193 035 $a(MiAaPQ)EBC5049513 035 $a(DE-B1597)480699 035 $a(OCoLC)1004866965 035 $a(DE-B1597)9783110543209 035 $a(Au-PeEL)EBL5049513 035 $a(CaPaEBR)ebr11443160 035 $a(OCoLC)1004587291 035 $a(EXLCZ)993340000000003193 100 $a20171025h20172017 uy 0 101 0 $ager 135 $aurcnu|||||||| 181 $2rdacontent 182 $2rdamedia 183 $2rdacarrier 200 00$aTransformationen literarischer Kommunikation $eKritik, Emotionalisierung und Medien vom 18. Jahrhundert bis heute /$fHerausgegeben von Jorg Schuster, Andre Schwarz, Jan Suselbeck 210 1$aBerlin, [Germany] ;$aBoston, [Massachusetts] :$cDe Gruyter,$d2017. 210 4$d©2017 215 $a1 online resource (292 pages) $cillustrations 225 1 $aspectrum Literaturwissenschaft = spectrum Literature ;$vBand 58 300 $aIncludes index. 311 $a3-11-054143-2 311 $a3-11-054320-6 327 $tFrontmatter -- $tInhalt -- $tTransformationen literarischer Kommunikation / $rSchuster, Jörg / Süselbeck, Jan -- $tKritik -- $tDas Wahre, Gute, Schöne und die Literaturkritik / $rKurz, Gerhard -- $tLiteraturkritik im Geist der Weltliteratur / $rLamping, Dieter -- $tKlagerufe und Statistik / $rPilz, Michael -- $tIch liebe die Form der Rezension, aber es ist falsch, sie zum Fetisch zu machen / $rWittstock, Uwe -- $tEmotionalisierung -- $tWem wann die Lust kommt / $rNeuhaus, Stefan -- $tTrauer statt Hass / $rGeier, Andrea -- $tMedien und Prozesse literarischer Kommunikation -- $tÖkonomie als Kommunikation / $rBauer, Manuel -- $tZum Problem der Hermetik zwischen literarischer Kommunikation und Kulturpoetik / $rSchuster, Jörg -- $t"Wir Gespenster" / $rKyora, Sabine -- $t"Todesfreude" und Fliegerpfeil / $rPfohlmann, Oliver -- $tDokument, Zitat, Transformation / $rHelduser, Urte -- $tGefühlsgedächtnis / $rKanz, Christine -- $tLesen, Lernen, Leben / $rPontzen, Alexandra -- $tLiebe Analphabeten! / $rBerkenheger, Susanne -- $tRegister 330 $aDas Problemfeld ,Literarische Kommunikation' zeichnet sich durch eine große Komplexität und Spannbreite aus. Die Literaturwissenschaft hat darauf bislang häufig mit reduktionistischer Modellbildung reagiert. Der Sammelband zeigt den Facettenreichtum literarischer Kommunikationsprozesse auf, indem er Einzelstudien zu deren historischer Transformation vom 18. bis ins frühe 21. Jahrhundert präsentiert. Das Augenmerk gilt unterschiedlichen Medien und intermedialen Konstellationen sowie Fragen der Wertung und der Emotionalisierung. Einen Schwerpunkt bildet die Literaturkritik von Goethe bis zur Gegenwart. Gefragt wird zudem nach der Korrelation von literarischer Kommunikation und Ökonomie, nach kulturpoetischen Kontextualisierungsmodellen, dem Verhältnis von Literatur und Film sowie nach Lern- und Bildungsprozessen. Eine besondere Herausforderung stellt die Untersuchung literarischer Kommunikationsprozesse dar, die sich auf Antisemitismus und Krieg beziehen. Entscheidend für das Thema ist schließlich der Aktualitäts- und Praxisbezug; er äußert sich insbesondere darin, dass neben Literatur- und KulturwissenschaftlerInnen auch AkteurInnen aus Feuilleton und Hypertextliteratur zu Wort kommen. 410 0$aSpectrum Literaturwissenschaft ;$vBand 58. 606 $aLiterature$xHistory and criticism 606 $aCommunication in literature 606 $aEmotions in literature 610 $aExpressionism and the cinema. 610 $aemotion research. 610 $aliterary anti-Semitism. 610 $aliterary communication. 610 $aliterary criticism. 610 $amedia studies. 610 $areviewing in journalism. 615 0$aLiterature$xHistory and criticism. 615 0$aCommunication in literature. 615 0$aEmotions in literature. 676 $a809 686 $aER 990$2rvk 702 $aSchuster$b Jo?rg$f1969- 702 $aSchwarz$b Andre 702 $aSuselbeck$b Jan 801 0$bMiAaPQ 801 1$bMiAaPQ 801 2$bMiAaPQ 906 $aBOOK 912 $a9910788439703321 996 $aTransformationen literarischer Kommunikation$93744947 997 $aUNINA